01326cam a22002891 45000010005000000030008000050050017000130080041000300350018000710400032000890410008001210820020001292450227001492600030003763000024004064900105004305040020005356500029005556500042005848300019006267000039006457100061006848300113007459420012008589990015008709520151008856858BD-RjUL20211208234327.0140112s1967 nyu 001 0 eng d a(BD-RjUL)6900 aDLCcDLCdDLCdBD-RjULbeng aeng00a519.1bMAR 196700aMarkov processes and potential theory ;bproceedings of a symposium conducted by the Mathematics Research Center ... the United States Army, at the University of Wisconsin, Madison, May 1-3, 1967.cEdited by Joshua Chover. aNew York :bWiley,c1967. ax, 235 p. ;c24 cm.1 aPublication of the Mathematics Research Center, United States Army, University of Wisconsin,vno. 19 aIncludes index. 0aMarkov processes.920601 0aPotential theory (Mathematics)919822 0vno. 19.9215421 aChover, Joshua,d1928-eed.9215362 aMathematics Research Center (United States. Army)920951 0aPublication ... of the Mathematics Research Center, United States Army, the University of Wisconsin ;921543 2ddccBK c6858d6858 00102ddc40718NFICaRUCLbRUCLcreadingd1974-05-30eNational Book Agency.g150.00l0o519.1 MAR 1967r2014-01-12 00:00:00tC-1w2014-01-12yBK